Statistics for X-Men members by power

Click here to take the quiz!

General Stats

  • This quiz has been taken 57 times
  • The average score is 13 of 15

Answer Stats

HintAnswer% Correct
Control and manipulate magnetismMagneto
97%
Can steal others' powers and memories by touching themRogue
97%
Control and manipulate weatherStorm
97%
Rapid healing, heightened senses, clawsWolverine
97%
Teleportation over short distancesNightcrawler
95%
Fire energy blasts from the eyesCyclops
92%
Manipulate water vapor to create and shape iceIceman
92%
Telekinesis, telepathyJean Grey
89%
Transform own body into living steelColossus
86%
Telepathy, able to transform own body to living diamondEmma Frost
84%
Pass through solid matterKitty Pryde
81%
Control kinetic energy, which can cause objects to explodeGambit
73%
Superhuman strength, speed, agility, reflexes, durabilityBeast
65%
Telepathy, manifest blades of psychic energyPsylocke
62%
Absorb energy and use it to power concussive blastsBishop
43%

Score Distribution

Percentile by Number Answered

Percent of People with Each Score

Your Score History

You have not taken this quiz